Lok sabha elections 1999 : (Record no. 122936)
[ view plain ]
| 000 -LEADER | |
|---|---|
| fixed length control field | 00716nam a22002297a 4500 |
| 005 - DATE AND TIME OF LATEST TRANSACTION | |
| control field | 20170124105917.0 |
| 010 ## - LIBRARY OF CONGRESS CONTROL NUMBER | |
| LC control number | A-998205 |
| 020 ## - INTERNATIONAL STANDARD BOOK NUMBER | |
| Terms of availability | 00.00 |
| International Standard Book Number | 8175410515 |
| 035 ## - SYSTEM CONTROL NUMBER | |
| System control number | A-998205 |
| 037 ## - SOURCE OF ACQUISITION | |
| Source of stock number/acquisition | Cen Lib/Ret |
| 040 ## - CATALOGING SOURCE | |
| Original cataloging agency | DPL |
| Language of cataloging | EN |
| 082 ## - DEWEY DECIMAL CLASSIFICATION NUMBER | |
| Classification number | 324.954 |
| Item number | AGG |
| 100 ## - MAIN ENTRY--PERSONAL NAME | |
| Personal name | Aggarwal, J. C. |
| 9 (RLIN) | 2161 |
| 245 ## - TITLE STATEMENT | |
| Title | Lok sabha elections 1999 : |
| Statement of responsibility, etc | by J.C. Aggarwal [and] N.K.Chowdhary |
| Remainder of title | Last of the millennium / |
| 260 ## - PUBLICATION, DISTRIBUTION, ETC. (IMPRINT) | |
| Place of publication, distribution, etc | Delhi |
| Name of publisher, distributor, etc | Shipra Publication |
| Date of publication, distribution, etc | 2000 |
| 270 ## - ADDRESS | |
| Address | 115-A,Vikas Marg, Shakarpur |
| City | Delhi |
| Postal code | 110092 |
| 300 ## - PHYSICAL DESCRIPTION | |
| Extent | 205p. |
| Dimensions | 21cm (Hb) |
| 650 ## - SUBJECT ADDED ENTRY--TOPICAL TERM | |
| Topical term or geographic name as entry element | Election forecasting |
| 9 (RLIN) | 73044 |
| 650 ## - SUBJECT ADDED ENTRY--TOPICAL TERM | |
| Topical term or geographic name as entry element | Election law |
| 9 (RLIN) | 16112 |
| 700 ## - ADDED ENTRY--PERSONAL NAME | |
| Personal name | Chowdhary, N. K. |
| 9 (RLIN) | 73045 |
| 942 ## - ADDED ENTRY ELEMENTS (KOHA) | |
| Source of classification or shelving scheme | Dewey Decimal Classification |
| Koha item type | English Books |
| Classification part | 324.954 |
| Call number suffix | AGG |
| Withdrawn status | Lost status | Damaged status | Not for loan | Collection code | Home library | Current library | Date acquired | Source of acquisition | Cost, normal purchase price | Total Checkouts | Full call number | Barcode | Date last seen | Copy number | Cost, replacement price | Price effective from | Koha item type | Date checked out |
|---|---|---|---|---|---|---|---|---|---|---|---|---|---|---|---|---|---|---|
| Not For Loan | Reference | Central Library | Central Library | 30/05/2015 | Cen Lib/Ret | 0.00 | 324.954 AGG | A-998205 | 30/05/2015 | 1 | 0.00 | 30/05/2015 | English Books | |||||
| Central Library | Central Library | 12/06/2015 | Cen Lib/Ret | 0.00 | 1 | 324.954 AGG | A-998204 | 22/02/2018 | 2 | 0.00 | 15/09/2016 | English Books | 12/02/2018 |
